[Event "Kiev Spring op"]
[Site "Kiev"]
[Date "2021.07.14"]
[Round "6"]
[White "Prochaieva, Tina"]
[Black "Yakymakha, Mariia"]
[Result "1/2-1/2"]
[WhiteElo "1146"]
[BlackElo "1496"]
[PlyCount "69"]
[EventDate "2021.07.10"]
[EventType "swiss"]
[EventRounds "9"]
[EventCountry "UKR"]
[SourceTitle "EXT 2024"]
[Source "ChessBase"]
[SourceDate "2023.10.10"]
[SourceVersion "1"]
[SourceVersionDate "2023.10.10"]
[SourceQuality "1"]

1. d4 d5 2. Nf3 Nf6 3. c4 e6 4. Nc3 Be7 5. Bg5 h6 6. Bh4 dxc4 7. e3 c5 8. Bxc4 cxd4 9. Qxd4 Qa5 10. Bb5+ Bd7 11. Qa4 Qxa4 12. Bxa4 Bxa4 13. Nxa4 Nc6 14. Nc3 0-0-0 15. Ke2 Nd5 16. Nxd5 Rxd5 17. Bxe7 Nxe7 18. Rhd1 Rhd8 19. Rac1+ Kb8 20. Rxd5 Rxd5 21. Rc2 Ng6 22. Rd2 Rxd2+ 23. Kxd2 Kc7 24. Kc3 Kd6 25. Kc4 a6 26. a4 b6 27. b4 Ne7 28. e4 Ng6 29. g3 e5 30. Ne1 Nf8 31. Ng2 Nd7 32. Ne3 g6 33. Nd5 Kc6 34. Nc3 Kd6 35. f4 1/2-1/2